<?xml version="1.0" encoding="UTF-8"?>
<record
    xmlns:xsi="http://www.w3.org/2001/XMLSchema-instance"
    xsi:schemaLocation="http://www.loc.gov/MARC21/slim http://www.loc.gov/standards/marcxml/schema/MARC21slim.xsd"
    xmlns="http://www.loc.gov/MARC21/slim">

  <leader>00500nam a22001697a 4500</leader>
  <controlfield tag="005">20260324163241.0</controlfield>
  <controlfield tag="008">260324b        |||||||| |||| 00| 0 eng d</controlfield>
  <datafield tag="020" ind1=" " ind2=" ">
    <subfield code="a">9789783956407</subfield>
  </datafield>
  <datafield tag="040" ind1=" " ind2=" ">
    <subfield code="c">VITAP</subfield>
  </datafield>
  <datafield tag="082" ind1=" " ind2=" ">
    <subfield code="2">23rd Ed.</subfield>
    <subfield code="a">346.5402 VIJ</subfield>
  </datafield>
  <datafield tag="100" ind1=" " ind2=" ">
    <subfield code="a">Vijayasekhar, R.D.</subfield>
    <subfield code="9">17350</subfield>
  </datafield>
  <datafield tag="245" ind1=" " ind2=" ">
    <subfield code="a">Contracts 2 [Bilingual (English &amp; Telugu)]</subfield>
    <subfield code="c">/ R.D. Vijayasekhar</subfield>
  </datafield>
  <datafield tag="260" ind1=" " ind2=" ">
    <subfield code="a">Tirupati</subfield>
    <subfield code="b">Vijay Law Series</subfield>
  </datafield>
  <datafield tag="300" ind1=" " ind2=" ">
    <subfield code="a">iv, 142p. : ill. ;  24cm</subfield>
  </datafield>
  <datafield tag="650" ind1=" " ind2="0">
    <subfield code="a">India; Contracts </subfield>
    <subfield code="9">17351</subfield>
  </datafield>
  <datafield tag="942" ind1=" " ind2=" ">
    <subfield code="2">ddc</subfield>
    <subfield code="c">REF</subfield>
  </datafield>
  <datafield tag="999" ind1=" " ind2=" ">
    <subfield code="c">47380</subfield>
    <subfield code="d">47380</subfield>
  </datafield>
  <datafield tag="952" ind1=" " ind2=" ">
    <subfield code="0">0</subfield>
    <subfield code="1">0</subfield>
    <subfield code="2">ddc</subfield>
    <subfield code="3">Paper Back</subfield>
    <subfield code="4">0</subfield>
    <subfield code="7">0</subfield>
    <subfield code="8">REF</subfield>
    <subfield code="a">SOL</subfield>
    <subfield code="b">VITAP</subfield>
    <subfield code="c">REF</subfield>
    <subfield code="d">2026-03-24</subfield>
    <subfield code="e">Donated by Dr. Benarji Chakka (70169)</subfield>
    <subfield code="g">0.00</subfield>
    <subfield code="i">DB2</subfield>
    <subfield code="l">0</subfield>
    <subfield code="o">346.5402 VIJ</subfield>
    <subfield code="p">025697</subfield>
    <subfield code="r">2026-03-24 16:34:00</subfield>
    <subfield code="v">0.00</subfield>
    <subfield code="w">2026-03-24</subfield>
    <subfield code="y">REF</subfield>
    <subfield code="z">LAW</subfield>
  </datafield>
</record>
